000 00318nam a22001217a 4500
020 _a1571690891
082 _222
_a005.4469
100 _aSimon, Richard J.
245 _aWindows NT win32 API superBible /
260 _aCalifornia,
_bWaite Group Press,
_cc1997.
300 _axv, 1510p. ;
_bill. ;
_c24 cm.
942 _2ddc
_cIT
999 _c2150
_d2150